[Event "ICS Rated blitz match"]
[Site "204.178.125.65"]
[Date "2000.09.29"]
[Round "?"]
[White "Hossa"]
[Black "PostModernist"]
[Result "0-1"]
[WhiteElo "2445"]
[BlackElo "2627"]
[PlyCount "128"]
[EventDate "2000.??.??"]

1. e4 c5 2. Nf3 g6 3. d4 cxd4 4. Qxd4 Nf6 5. e5 Nc6 6. Qa4 Nd5 7. Bb5 Bg7 8.
Qb3 Nc7 9. Bf4 Ne6 10. Bg3 Ned4 11. Nxd4 Nxd4 12. Qd3 Nxb5 13. Qxb5 a6 14. Qe2
Qb6 15. c3 Qe6 16. O-O d6 17. Re1 dxe5 18. Bxe5 f6 19. Bc7 Qxe2 20. Rxe2 Bf5
21. Nd2 Kf7 22. Bb6 Rac8 23. a4 Bd3 24. Re3 Bc2 25. Rae1 Rhe8 26. Rh3 Bxa4 27.
Rxh7 Bd7 28. Rh4 Bb5 29. c4 g5 30. Rg4 Bd7 31. Rd4 Bc6 32. Rd3 f5 33. b4 e5 34.
Rg3 g4 35. h3 Bh6 36. Nb3 Bf4 37. Rc3 Rg8 38. h4 g3 39. Re2 gxf2+ 40. Rxf2 Rg4
41. Be3 Rcg8 42. Bxf4 exf4 43. Rcc2 f3 44. b5 Be4 45. Rc3 Kf6 46. bxa6 bxa6 47.
Nc5 Rxg2+ 48. Rxg2 Rxg2+ 49. Kf1 Rg4 50. h5 Kg5 51. Nxa6 Rh4 52. Nc5 Kf4 53.
Ne6+ Kg3 54. Kg1 Rh2 55. Ng5 Ra2 56. Nxf3 Bxf3 57. Rxf3+ Kxf3 58. h6 Ra6 59. h7
Rh6 60. h8=Q Rxh8 61. c5 Rh6 62. c6 Rxc6 63. Kh1 Kg3 64. Kg1 Rc1# {
Hossa checkmated} 0-1

[Event "ICS rated standard match"]
[Site "204.178.125.65"]
[Date "2000.09.29"]
[Round "?"]
[White "Hossa"]
[Black "Interceptor"]
[Result "1/2-1/2"]
[WhiteElo "2411"]
[BlackElo "2561"]
[PlyCount "79"]
[EventDate "2000.??.??"]

1. d4 d5 2. c4 dxc4 3. e3 Nf6 4. Nc3 Bg4 5. Nf3 c5 6. Bxc4 e6 7. Qb3 Bxf3 8.
gxf3 Qd7 9. d5 exd5 10. Nxd5 Nxd5 11. Bxd5 Nc6 12. O-O Bd6 13. f4 O-O-O 14. Bg2
Bf8 15. Qa4 Be7 16. Bxc6 bxc6 17. f3 f5 18. Qa6+ Kb8 19. Rb1 Rhg8 20. Kh1 Rge8
21. b3 Bf6 22. b4 cxb4 23. Rxb4+ Ka8 24. Rb6 Rc8 25. Rf2 Rc7 26. Rb3 Qd1+ 27.
Rf1 Qc2 28. Ba3 Rd8 29. Bb4 Rd1 30. Rxd1 Qxd1+ 31. Kg2 c5 32. Ba5 c4 33. Rb5
Qe2+ 34. Kg3 h5 35. Rb8+ Kxb8 36. Qb5+ Kc8 37. Qxf5+ Kb7 38. Qb5+ Kc8 39. Qf5+
Kb7 40. Qb5+ {Game drawn by mutual agreement} 1/2-1/2

[Event "ICS Rated standard match"]
[Site "204.178.125.65"]
[Date "2000.09.29"]
[Round "?"]
[White "Interceptor"]
[Black "Hossa"]
[Result "0-1"]
[WhiteElo "2554"]
[BlackElo "2418"]
[PlyCount "130"]
[EventDate "2000.??.??"]

1. d4 Nf6 2. c4 c5 3. d5 d6 4. Nc3 g6 5. e4 Bg7 6. Be2 O-O 7. Bg5 e6 8. Qd2 Re8
9. dxe6 Bxe6 10. Nf3 Qb6 11. O-O Nc6 12. Rfd1 Nd7 13. Nb5 f5 14. exf5 Bxf5 15.
Nh4 Nd4 16. Nxd4 Bxd4 17. Nxf5 gxf5 18. Bf3 Qxb2 19. Qxb2 Bxb2 20. Rab1 Be5 21.
Bd5+ Kh8 22. Rxb7 Nb6 23. Bf7 Reb8 24. Re7 Kg7 25. Bh5+ Kf8 26. Rxh7 Nxc4 27.
Bf3 Nb2 28. Re1 Nd3 29. Bd5 Rb6 30. Rd1 Rab8 31. Bh6+ Ke8 32. Bf7+ Ke7 33. Bh5+
Ke6 34. Bg5 R8b7 35. Rh6+ Kd7 36. Rxd3 Rb1+ 37. Bd1 c4 38. Rh7+ Kc6 39. Rhh3
R7b2 40. Kf1 cxd3 41. Rxd3 Rxa2 42. f4 Bg7 43. Bh4 d5 44. Be1 Kc5 45. Bf3 Bd4
46. Rd1 Rxd1 47. Bxd1 Be3 48. Bg3 Kd4 49. Bb3 Rb2 50. Ba4 Ke4 51. h4 Bxf4 52.
Be1 d4 53. h5 d3 54. Bc3 Rc2 55. Bxc2 dxc2 56. Bb2 Kd3 57. g3 Bxg3 58. Bc1 Bd6
59. h6 Bc5 60. h7 Bd4 61. Kg2 Ke2 62. Kh3 f4 63. Bxf4 Bh8 64. Bc1 Kd1 65. Ba3
c1=Q {Interceptor resigns} 0-1

[Event "ICS rated blitz match"]
[Site "204.178.125.65"]
[Date "2000.09.29"]
[Round "?"]
[White "PostModernist"]
[Black "Hossa"]
[Result "1-0"]
[WhiteElo "2651"]
[BlackElo "2437"]
[PlyCount "231"]
[EventDate "2000.??.??"]

1. e4 c5 2. c3 d5 3. exd5 Qxd5 4. d4 Nf6 5. Nf3 e6 6. Na3 Nc6 7. Be2 cxd4 8.
Nb5 Qd8 9. Nbxd4 Nxd4 10. Qxd4 Qxd4 11. Nxd4 Be7 12. O-O O-O 13. Bf4 Nd5 14.
Bg3 Rd8 15. Bf3 Bd6 16. Bxd6 Rxd6 17. Rfd1 Rd7 18. Nb5 a6 19. Bxd5 exd5 20. Re1
Kf8 21. Nd4 Re7 22. Rxe7 Kxe7 23. Re1+ Be6 24. f4 Kf6 25. h4 Re8 26. g4 Bd7 27.
Rxe8 Bxe8 28. Kf2 Bd7 29. Kf3 g6 30. b3 h5 31. g5+ Ke7 32. a4 Bg4+ 33. Ke3 a5
34. Kd2 Kd6 35. Kd3 Bh3 36. Ke3 Bd7 37. Kf2 Bg4 38. Nb5+ Ke7 39. Kg3 Bf5 40.
Kf3 Bc2 41. Nd4 Be4+ 42. Ke3 Kd6 43. Ke2 Kd7 44. Kf2 Bd3 45. Ke3 Bb1 46. Kd2
Be4 47. Ke1 Kc7 48. Kd1 b6 49. Ke1 Kd6 50. Ke2 Kc5 51. Kd2 Bb1 52. Ke3 Kd6 53.
Kf2 Ke7 54. Kf3 Bd3 55. Ke3 Be4 56. Nb5 Kd7 57. Kf2 Bd3 58. Nd4 Bb1 59. Ke2 Be4
60. Kd2 Bg2 61. f5 Be4 62. f6 Kd6 63. Ke3 Bg2 64. Nb5+ Kc5 65. Kf4 Kc6 66. Ke5
Bh3 67. b4 Bd7 68. Nd4+ Kc7 69. b5 Bg4 70. Kxd5 Bd1 71. Nf5 Bxa4 72. Nd6 Bb3+
73. c4 a4 74. Nxf7 a3 75. Ne5 a2 76. f7 a1=Q 77. f8=Q Qh1+ 78. Qf3 Qxf3+ 79.
Nxf3 Bd1 80. Nd4 Kd7 81. c5 bxc5 82. Kxc5 Kc7 83. b6+ Kb7 84. Kb5 Bg4 85. Ka5
Bh3 86. Nb3 Bf1 87. Nc5+ Ka8 88. Kb4 Bg2 89. Kc4 Bf3 90. Kd4 Kb8 91. Nd7+ Kb7
92. Ne5 Bd1 93. Nxg6 Kxb6 94. Kc3 Bg4 95. Nf4 Bf5 96. g6 Kc6 97. g7 Bh7 98.
Nxh5 Kd6 99. Nf6 Bf5 100. g8=Q Ke5 101. Ng4+ Ke4 102. Qe8+ Kd5 103. Ne3+ Kc5
104. Qc6+ Kxc6 105. Nxf5 Kd5 106. h5 Ke5 107. h6 Kf6 108. h7 Kg6 109. h8=Q Kxf5
110. Qh5+ Kf6 111. Kc4 Kg7 112. Qg5+ Kh7 113. Kd5 Kh8 114. Ke6 Kh7 115. Kf7 Kh8
116. Qh6# {Hossa checkmated} 1-0

[Event "ICS rated blitz match"]
[Site "204.178.125.65"]
[Date "2000.09.29"]
[Round "?"]
[White "Hossa"]
[Black "PostModernist"]
[Result "0-1"]
[WhiteElo "2430"]
[BlackElo "2658"]
[PlyCount "164"]
[EventDate "2000.??.??"]

1. e4 c6 2. d4 d5 3. Nc3 dxe4 4. Nxe4 Nd7 5. Ng5 Nb6 6. Bd3 g6 7. N1f3 Nh6 8.
O-O Bg7 9. c3 O-O 10. Ne4 Nf5 11. Be2 Qd5 12. Nfd2 Nh4 13. g3 Bh3 14. gxh4 f5
15. c4 Qxd4 16. Ng5 Bxf1 17. Kxf1 Rfb8 18. h5 Qh4 19. Ndf3 Qxh5 20. Ne6 Qh3+
21. Kg1 Re8 22. Nfg5 Qh4 23. Nxg7 Kxg7 24. Ne6+ Kf7 25. Qd4 Qxd4 26. Nxd4 e5
27. Nb3 Na4 28. Bg5 Nxb2 29. Na5 b6 30. Nxc6 e4 31. Nb4 Rac8 32. Rc1 h5 33. h4
Re6 34. Rc2 Na4 35. Rd2 Nc5 36. Kg2 Rce8 37. Rd1 Kf8 38. Nd5 Rd6 39. Bf4 Rd7
40. Kg3 Kg7 41. Bg5 Kf7 42. Bc1 Re6 43. Be3 Rc6 44. Kg2 Nd3 45. Bxd3 exd3 46.
Nf4 Rxc4 47. Nxd3 Kg8 48. Rd2 Rxh4 49. f4 Rg4+ 50. Kf2 h4 51. Ne5 Rxd2+ 52.
Bxd2 Rg3 53. Be3 Rh3 54. Nxg6 Rh2+ 55. Kf3 Kh7 56. Nf8+ Kh6 57. Bf2 h3 58. Ne6
Rh1 59. Nd4 Ra1 60. Nxf5+ Kh7 61. Ng3 Rxa2 62. Nf1 Kg6 63. Bg3 Kh5 64. Bf2 b5
65. Kg3 b4 66. Be3 Ra1 67. Nd2 Ra3 68. Nc4 Rc3 69. Nd6 b3 70. Kxh3 b2 71. Nf5
b1=Q 72. Ng3+ Kg6 73. Kg2 Rxe3 74. Nh1 Qxh1+ 75. Kxh1 Kf5 76. Kg1 Kxf4 77. Kf2
Re4 78. Kg2 Re2+ 79. Kf1 Kf3 80. Kg1 Re3 81. Kh1 Kg3 82. Kg1 Re1# {
Hossa checkmated} 0-1

[Event "ICS rated blitz match"]
[Site "204.178.125.65"]
[Date "2000.09.29"]
[Round "?"]
[White "J-Ehlvest"]
[Black "Hossa"]
[Result "0-1"]
[WhiteElo "2397"]
[BlackElo "2417"]
[PlyCount "102"]
[EventDate "2000.??.??"]

1. Nf3 d5 2. c4 c6 3. e3 Nf6 4. Nc3 Nbd7 5. d4 e6 6. Qc2 dxc4 7. Bxc4 Nb6 8.
Bd3 Nbd5 9. a3 Qa5 10. O-O Nxc3 11. Bd2 Be7 12. Bxc3 Qh5 13. e4 O-O 14. b4 Nd7
15. Rfe1 Rd8 16. Rad1 Bd6 17. h3 Bf4 18. Bc4 Nb6 19. Bb3 Qg6 20. Ne5 Qg5 21.
Nd3 Bd6 22. Re3 Bd7 23. Rf1 Rab8 24. f4 Qh5 25. Rg3 Qh4 26. Qf2 Be7 27. d5 g6
28. Qd4 f6 29. Rg4 Qh6 30. d6 Be8 31. e5 Bf7 32. exf6 Bxd6 33. Qe3 Re8 34. Ne5
Qf8 35. Bd4 Nd5 36. Qg3 Nxf6 37. Rg5 c5 38. Ba1 cxb4 39. h4 Ne4 40. Qe3 Bc5 41.
Bd4 Bxd4 42. Qxd4 Qc5 43. Qxc5 Nxc5 44. Nxg6 Nxb3 45. Ne5+ Kf8 46. f5 h6 47.
Rg3 Nd2 48. Rf4 exf5 49. Rxf5 Rxe5 50. Rxe5 bxa3 51. Rxa3 Nc4 {
J-Ehlvest resigns} 0-1

[Event "ICS rated blitz match"]
[Site "204.178.125.65"]
[Date "2000.09.29"]
[Round "?"]
[White "motipen"]
[Black "Hossa"]
[Result "0-1"]
[WhiteElo "2087"]
[BlackElo "2469"]
[PlyCount "76"]
[EventDate "2000.??.??"]

1. d4 Nf6 2. c4 c5 3. d5 d6 4. Nc3 g6 5. e4 Bg7 6. f4 O-O 7. Nf3 Na6 8. Be2 b6
9. O-O Bb7 10. Re1 Re8 11. Bf1 Ng4 12. e5 dxe5 13. fxe5 Qb8 14. Bf4 f6 15. h3
Nxe5 16. Bxe5 fxe5 17. Ng5 Bc8 18. Ne6 Bxe6 19. dxe6 Qd6 20. Qg4 Qd4+ 21. Qxd4
cxd4 22. Nd5 Rac8 23. Rac1 Nc5 24. b4 Nxe6 25. c5 Nc7 26. Bc4 Nxd5 27. Bxd5+ e6
28. Bc4 Bh6 29. Rc2 Be3+ 30. Kh1 bxc5 31. bxc5 e4 32. Bb5 Red8 33. c6 d3 34.
Rc4 Bf2 35. Rcxe4 Bxe1 36. Rxe1 a6 37. Ba4 d2 38. Rxe6 Kf7 {motipen resigns}
0-1

[Event "ICS rated blitz match"]
[Site "204.178.125.65"]
[Date "2000.09.29"]
[Round "?"]
[White "Hossa"]
[Black "Toobin"]
[Result "1-0"]
[WhiteElo "2472"]
[BlackElo "2061"]
[PlyCount "69"]
[EventDate "2000.??.??"]

1. e4 e6 2. Nf3 d5 3. e5 c5 4. d4 Nc6 5. dxc5 Bxc5 6. Nc3 Nge7 7. Na4 Bb6 8.
Nxb6 Qxb6 9. Bd3 Ng6 10. Bxg6 hxg6 11. O-O Bd7 12. c3 Rh5 13. a4 Nxe5 14. Nxe5
Rxe5 15. Qd3 Rh5 16. Bf4 g5 17. Qe2 g6 18. Be5 Qd8 19. c4 f6 20. Bg3 f5 21.
cxd5 f4 22. Qe4 Qf6 23. h3 fxg3 24. fxg3 Qg7 25. dxe6 Bc6 26. Qb4 O-O-O 27. e7
Re8 28. Rf8 Qe5 29. Rd1 Qe3+ 30. Kh2 Qe2 31. Rxe8+ Kc7 32. Qa5+ b6 33. Qxa7+
Bb7 34. Qb8+ Kc6 35. Qd6# {Toobin checkmated} 1-0

[Event "ICS rated blitz match"]
[Site "204.178.125.65"]
[Date "2000.09.29"]
[Round "?"]
[White "Toobin"]
[Black "Hossa"]
[Result "0-1"]
[WhiteElo "2058"]
[BlackElo "2475"]
[PlyCount "22"]
[EventDate "2000.??.??"]

1. e4 e5 2. Nf3 Nc6 3. d3 Nf6 4. Be2 d5 5. exd5 Nxd5 6. c3 Bd6 7. O-O O-O 8.
Nbd2 Nf4 9. Ne4 Nxe2+ 10. Qxe2 Be7 11. Be3 f5 {Toobin resigns} 0-1

[Event "ICS rated blitz match"]
[Site "204.178.125.65"]
[Date "2000.09.29"]
[Round "?"]
[White "Hossa"]
[Black "Toobin"]
[Result "1-0"]
[WhiteElo "2478"]
[BlackElo "2055"]
[PlyCount "77"]
[EventDate "2000.??.??"]

1. e4 e6 2. Nf3 d5 3. e5 c5 4. d4 Nc6 5. dxc5 Bxc5 6. Nc3 Nge7 7. Na4 Bb6 8.
Nxb6 Qxb6 9. Bd3 Ng6 10. Bxg6 hxg6 11. O-O Bd7 12. c3 Rh5 13. a4 Nxe5 14. Nxe5
Rxe5 15. a5 Qd8 16. Qd4 Rh5 17. Qxg7 Qh4 18. Qg8+ Ke7 19. Bg5+ Rxg5 20. Qxa8
Rh5 21. Qb8 e5 22. h3 Bxh3 23. Qxb7+ Bd7 24. Qb4+ Qxb4 25. cxb4 a6 26. Ra3 Bb5
27. Re1 Kd6 28. Rf3 f5 29. Rfe3 e4 30. Rd1 Ke5 31. Rc3 Rh7 32. Rc8 Rd7 33. Re8+
Kf6 34. Rd4 f4 35. f3 Kf5 36. fxe4+ dxe4 37. Rexe4 Rxd4 38. Rxd4 g5 39. Rd5+ {
Toobin resigns} 1-0

[Event "ICS rated blitz match"]
[Site "204.178.125.65"]
[Date "2000.09.29"]
[Round "?"]
[White "Hossa"]
[Black "Valg"]
[Result "1-0"]
[WhiteElo "2483"]
[BlackElo "2428"]
[PlyCount "151"]
[EventDate "2000.??.??"]

1. e4 d5 2. exd5 Qxd5 3. Nc3 Qa5 4. d4 Nf6 5. Nf3 Bg4 6. h3 Bh5 7. g4 Bg6 8.
Ne5 e6 9. Bg2 c6 10. h4 Bb4 11. Bd2 Qd8 12. g5 Bh5 13. Ne2 Nd5 14. c4 Nf4 15.
Bxb4 Nxg2+ 16. Kf1 Nf4 17. f3 Nxe2 18. Kxe2 Na6 19. Bc3 f6 20. gxf6 gxf6 21.
Nd3 Qd6 22. Qd2 Rg8 23. Qh6 Bg6 24. h5 Bxd3+ 25. Kxd3 Qe7 26. Qd2 O-O-O 27. Kc2
Qf7 28. Rad1 Rg5 29. Qf4 Nc7 30. Rdg1 Rxh5 31. Rxh5 Qxh5 32. Rg7 Ne8 33. Re7
Qg6+ 34. Kb3 h5 35. Rxe6 Qd3 36. Qg3 Qd1+ 37. Ka3 Qf1 38. Kb3 Qd1+ 39. Ka3 Qf1
40. Kb3 b5 41. cxb5 cxb5 42. Kc2 b4 43. Qe1 Qxe1 44. Bxe1 a5 45. Kd3 Kb7 46.
Bh4 a4 47. Bxf6 Nc7 48. Re7 Kc6 49. Rh7 Rf8 50. Be5 Nd5 51. Kc4 Ne3+ 52. Kxb4
Rxf3 53. Rxh5 Rf7 54. Kxa4 Ra7+ 55. Kb3 Rb7+ 56. Kc3 Nd5+ 57. Kc2 Nb4+ 58. Kb1
Rf7 59. Rh6+ Kb5 60. Rf6 Rxf6 61. Bxf6 Nd5 62. Be5 Kc4 63. b3+ Kc3 64. Bg7 Kd3
65. Kb2 Ne7 66. a4 Nf5 67. Be5 Nxd4 68. Bxd4 Kxd4 69. b4 Kc4 70. a5 Kxb4 71. a6
Kc4 72. a7 Kd3 73. a8=Q Kd4 74. Qe8 Kc5 75. Qe6 Kd4 76. Kc2 {Valg resigns} 1-0

[Event "ICS Rated blitz match"]
[Site "204.178.125.65"]
[Date "2000.09.29"]
[Round "?"]
[White "Kicke"]
[Black "Hossa"]
[Result "0-1"]
[WhiteElo "1869"]
[BlackElo "2496"]
[PlyCount "42"]
[EventDate "2000.??.??"]

1. e4 e5 2. Nf3 Nc6 3. d4 exd4 4. Bc4 Nf6 5. e5 Ng4 6. Bf4 Bb4+ 7. Nbd2 d6 8.
exd6 Bxd6 9. Bxd6 Qxd6 10. O-O O-O 11. Ne4 Qf4 12. Bd3 Nce5 13. Neg5 h6 14. g3
Qf6 15. Nxe5 Qxe5 16. Ne4 Qh5 17. h4 Re8 18. Re1 Be6 19. Qf3 Bd5 20. Qf4 Ne5
21. Qg5 Nf3+ {Kicke resigns} 0-1

[Event "ICS rated blitz match"]
[Site "204.178.125.65"]
[Date "2000.09.29"]
[Round "?"]
[White "Valg"]
[Black "Hossa"]
[Result "0-1"]
[WhiteElo "2417"]
[BlackElo "2497"]
[PlyCount "93"]
[EventDate "2000.??.??"]

1. d4 Nf6 2. Nf3 c5 3. e3 e6 4. Bd3 d5 5. b3 Nc6 6. O-O Nb4 7. Bb5+ Bd7 8.
Bxd7+ Qxd7 9. a3 Nc6 10. dxc5 Bxc5 11. Bb2 Rc8 12. Bxf6 gxf6 13. c4 dxc4 14.
Qxd7+ Kxd7 15. Rd1+ Ke7 16. bxc4 Bd6 17. Nbd2 Na5 18. Rdc1 b6 19. h4 Rhd8 20.
a4 Bb4 21. Ra2 Rd3 22. Kh2 f5 23. Kg3 e5 24. Nb1 Nb3 25. Rcc2 e4 26. Nfd2 Nxd2
27. Nxd2 Rcd8 28. Nf1 Rd1 29. Nh2 Rg8+ 30. Kh3 Rg1 31. g3 Kd6 32. Rab2 Kc5 33.
a5 bxa5 34. h5 a4 35. Ra2 a3 36. Kh4 h6 37. Kh3 Rg5 38. g4 fxg4+ 39. Kh4 g3 40.
fxg3 Be1 41. Rg2 Rxg2 42. Rxg2 Rxg3 43. Rxg3 a2 44. Ng4 a1=Q 45. Kh3 Bxg3 46.
Kxg3 Qg7 47. Kh3 {Valg resigns} 0-1

[Event "ICS rated blitz match"]
[Site "204.178.125.65"]
[Date "2000.09.29"]
[Round "?"]
[White "Hossa"]
[Black "Colorado"]
[Result "0-1"]
[WhiteElo "2504"]
[BlackElo "2766"]
[PlyCount "111"]
[EventDate "2000.??.??"]

1. d4 Nf6 2. c4 g6 3. Nc3 Bg7 4. e4 d6 5. f3 O-O 6. Be3 e5 7. Nge2 c6 8. Qd2
Nbd7 9. h4 Nb6 10. Nc1 Nh5 11. Kf2 exd4 12. Bxd4 Nf6 13. h5 Nxh5 14. Bxg7 Nxg7
15. Qh6 Nh5 16. g4 Nf6 17. Ke1 Qe7 18. Kd1 d5 19. cxd5 cxd5 20. Nd3 dxe4 21.
Nxe4 Nbd5 22. Kc2 Qc7+ 23. Kb1 Re8 24. Bg2 Qc6 25. Ndf2 Qa6 26. Bf1 Qa4 27. Bd3
Qd4 28. Bc2 Bd7 29. Bb3 Bc6 30. Qh4 Rxe4 31. Nxe4 Qd3+ 32. Bc2 Qxf3 33. g5 Nxe4
34. Qxh7+ Kf8 35. Re1 Ne7 36. Qh8+ Ng8 37. Qd4 Re8 38. b3 b6 39. Kb2 Nxg5 40.
Qd6+ Kg7 41. Rxe8 Bxe8 42. Qd2 Qf6+ 43. Kb1 Bc6 44. Qc1 Ne4 45. Bd3 Nc3+ 46.
Kc2 Nd5 47. Kb1 Nb4 48. Bc2 Nxc2 49. Qxc2 g5 50. Qc4 Nh6 51. b4 Bd7 52. Qb3
Bf5+ 53. Kc1 Qxa1+ 54. Kd2 Be6 55. Qc3+ Qxc3+ 56. Kxc3 {Hossa resigns} 0-1

[Event "ICS rated blitz match"]
[Site "204.178.125.65"]
[Date "2000.09.29"]
[Round "?"]
[White "Zippy"]
[Black "Hossa"]
[Result "1-0"]
[WhiteElo "2295"]
[BlackElo "2498"]
[PlyCount "131"]
[EventDate "2000.??.??"]

1. e4 e5 2. Nf3 Nc6 3. Bb5 a6 4. Ba4 Nf6 5. O-O Be7 6. Bxc6 dxc6 7. Nxe5 Nxe4
8. d3 Nd6 9. Nc3 O-O 10. Re1 Re8 11. Nf3 Bg4 12. h3 Bh5 13. g4 Bg6 14. Ne5 Bf6
15. Nxg6 fxg6 16. Be3 Bxc3 17. bxc3 Qf6 18. c4 Nf7 19. Rb1 Qh4 20. Qf3 Ne5 21.
Qg2 Rf8 22. f4 Nf7 23. Bf2 Qf6 24. Rxb7 Qxf4 25. Bg3 Qd4+ 26. Kh1 Rae8 27. Rxe8
Rxe8 28. Rxc7 Qa1+ 29. Kh2 Qxa2 30. Rxc6 Qa5 31. Rc7 Qa2 32. c5 Rd8 33. c6 a5
34. Rb7 Qe6 35. c7 Rc8 36. Qe4 Qd7 37. Rb8 Kf8 38. Qb7 Nd6 39. Bxd6+ Qxd6+ 40.
Kg2 Ke7 41. Rxc8 Qe6 42. Re8+ Kxe8 43. c8=R+ Qxc8 44. Qxc8+ Ke7 45. Qc7+ Kf6
46. Qd6+ Kf7 47. Kf3 h5 48. Ke4 hxg4 49. hxg4 a4 50. d4 Kg8 51. Qb4 Kf7 52.
Qxa4 Ke6 53. Qc6+ Kf7 54. d5 Ke7 55. Qxg6 Kd7 56. Qxg7+ Kd6 57. c4 Kc5 58. Qc7+
Kb4 59. d6 Kc3 60. g5 Kc2 61. g6 Kc3 62. d7 Kd2 63. d8=Q+ Kc3 64. Qd3+ Kb4 65.
Qcd6+ Ka5 66. Q3a3# {Hossa checkmated} 1-0

[Event "ICS Rated blitz match"]
[Site "204.178.125.65"]
[Date "2000.09.29"]
[Round "?"]
[White "Hossa"]
[Black "schimpf"]
[Result "0-1"]
[WhiteElo "2470"]
[BlackElo "2267"]
[PlyCount "146"]
[EventDate "2000.??.??"]

1. e4 e6 2. Nf3 d5 3. e5 c5 4. d4 cxd4 5. Bb5+ Bd7 6. Nxd4 Bxb5 7. Nxb5 Nc6 8.
O-O a6 9. Nd6+ Bxd6 10. exd6 Qxd6 11. Nc3 Nf6 12. Bg5 O-O 13. Bxf6 gxf6 14.
Qg4+ Kh8 15. Qh4 Qe5 16. f4 Qf5 17. Ne2 Rg8 18. Ng3 Qg6 19. Rf2 f5 20. Re1 Qg4
21. Qf6+ Qg7 22. Nh5 Qxf6 23. Nxf6 Rgd8 24. Rd2 Kg7 25. Nh5+ Kg6 26. Ng3 Rac8
27. Ne2 Rd7 28. Kf2 Rdc7 29. c3 Ne7 30. Rd3 Ng8 31. Rg3+ Kh6 32. Rh3+ Kg7 33.
Rg3+ Kh8 34. Rh3 Nf6 35. Ke3 Rc4 36. b3 Re4+ 37. Kd3 d4 38. cxd4 Nd5 39. Rf3
Nb4+ 40. Kd2 Rc2+ 41. Kd1 Rxa2 42. g3 Nc2 43. Rg1 Rxe2 44. Kxe2 Nxd4+ 45. Ke3
Nxf3 46. Kxf3 Rb2 47. Re1 Rxb3+ 48. Re3 Rxe3+ 49. Kxe3 Kg7 50. Kd3 a5 51. Kd4
a4 52. Kc4 b5+ 53. Kb4 Kf6 54. Ka3 e5 55. fxe5+ Kxe5 56. Kb4 f4 57. gxf4+ Kxf4
58. Kc3 Kg4 59. Kb2 f5 60. Kc2 f4 61. Kc3 f3 62. Kd3 a3 63. Kc2 b4 64. Kb3 f2
65. Kc4 f1=Q+ 66. Kd4 Qh3 67. Ke4 a2 68. Kd5 b3 69. Ke5 a1=Q+ 70. Kd6 Qd3+ 71.
Ke6 Qaa6+ 72. Kf7 Qdg6+ 73. Ke7 Qad6# {Hossa checkmated} 0-1

[Event "ICS rated blitz match"]
[Site "204.178.125.65"]
[Date "2000.09.29"]
[Round "?"]
[White "schimpf"]
[Black "Hossa"]
[Result "0-1"]
[WhiteElo "2291"]
[BlackElo "2446"]
[PlyCount "46"]
[EventDate "2000.??.??"]

1. e4 e5 2. Nf3 Nc6 3. Nc3 Nf6 4. g3 Bc5 5. Bg2 d6 6. d3 O-O 7. O-O Nd4 8. h3
c6 9. Kh2 Be6 10. Na4 Nxf3+ 11. Bxf3 Bb4 12. a3 Ba5 13. b4 Bc7 14. Bg2 Qe7 15.
c4 d5 16. Be3 dxe4 17. Bc5 Bd6 18. Bxd6 Qxd6 19. Bxe4 Nxe4 20. dxe4 Qxd1 21.
Rfxd1 Bxc4 22. Rd7 b6 23. Rad1 Bb3 {schimpf resigns} 0-1

[Event "ICS Rated blitz match"]
[Site "204.178.125.65"]
[Date "2000.09.29"]
[Round "?"]
[White "Hossa"]
[Black "schimpf"]
[Result "1-0"]
[WhiteElo "2455"]
[BlackElo "2282"]
[PlyCount "49"]
[EventDate "2000.??.??"]

1. d4 d6 2. c4 e5 3. dxe5 dxe5 4. Qxd8+ Kxd8 5. Nc3 c6 6. Nf3 f6 7. e3 Nd7 8.
Be2 Ne7 9. b4 Nf5 10. Rb1 a5 11. bxa5 Rxa5 12. O-O Ba3 13. Nd2 Bxc1 14. Rfxc1
Ra3 15. Nde4 Kc7 16. Rd1 Nc5 17. Nxc5 Rxc3 18. Rb2 b6 19. Na4 Ra3 20. Nxb6 Be6
21. Rd3 Ra6 22. Nd5+ Bxd5 23. cxd5 Rha8 24. Rdd2 c5 25. Bxa6 {schimpf resigns}
1-0

[Event "ICS rated blitz match"]
[Site "204.178.125.65"]
[Date "2000.09.29"]
[Round "?"]
[White "schimpf"]
[Black "Hossa"]
[Result "0-1"]
[WhiteElo "2273"]
[BlackElo "2464"]
[PlyCount "51"]
[EventDate "2000.??.??"]

1. e4 c5 2. Nf3 d6 3. d4 cxd4 4. Qxd4 Nc6 5. Bb5 Bd7 6. Bxc6 Bxc6 7. Nc3 Nf6 8.
Bg5 e6 9. O-O-O Be7 10. Rhe1 O-O 11. Kb1 Qa5 12. Qd2 Kh8 13. Nd4 Rfc8 14. f4
Rc7 15. g4 Rac8 16. Bxf6 Bxf6 17. g5 Bxd4 18. Qxd4 Rd7 19. h4 d5 20. exd5 Bxd5
21. Nxd5 Rxd5 22. Qg1 Rd2 23. Rc1 Qa4 24. b3 Qxf4 25. Qxa7 Qc7 26. c4 {
schimpf resigns} 0-1

[Event "ICS rated blitz match"]
[Site "204.178.125.65"]
[Date "2000.09.29"]
[Round "?"]
[White "Hossa"]
[Black "harimau"]
[Result "0-1"]
[WhiteElo "2472"]
[BlackElo "2768"]
[PlyCount "132"]
[EventDate "2000.??.??"]

1. e4 c5 2. Nf3 d6 3. Bc4 Nf6 4. d3 Nc6 5. O-O h6 6. Nc3 e5 7. Be3 Na5 8. Bb5+
Nc6 9. Nd5 Ng4 10. Qe2 a6 11. Ba4 b5 12. Bb3 Nxe3 13. fxe3 Bg4 14. Qf2 Ra7 15.
a4 b4 16. a5 Bh5 17. Ba4 Qd7 18. Nxe5 dxe5 19. Bxc6 Qxc6 20. Qf5 Bd6 21. Qxh5
O-O 22. Qg4 c4 23. d4 Rd8 24. Rad1 Qc8 25. Rf5 Qb8 26. Qh4 Rf8 27. Ra1 f6 28.
Qh5 b3 29. c3 Rb7 30. Qg6 Kh8 31. Rh5 Qe8 32. Qg4 Kh7 33. Rf5 Qb8 34. Rff1 exd4
35. cxd4 Bxh2+ 36. Kf2 Rbf7 37. g3 f5 38. exf5 Rxf5+ 39. Kg2 Qxg3+ 40. Qxg3
Bxg3 41. Rxf5 Rxf5 42. e4 Rg5 43. Kf3 Bh4 44. Ne3 c3 45. bxc3 Rg3+ 46. Ke2 Bg5
47. Nd1 h5 48. Rb1 h4 49. Rxb3 h3 50. Nf2 h2 51. Nh1 Rg1 52. Kf3 Bd8 53. Ra3 g5
54. Ra2 g4+ 55. Kf4 Rxh1 56. Kg3 Kg6 57. e5 Kf5 58. Ra3 Bg5 59. Kg2 Rc1 60.
Kxh2 Rc2+ 61. Kh1 Be3 62. c4 Kf4 63. d5 g3 64. Rxe3 Kxe3 65. Kg1 Kf3 66. c5
Rc1# {Hossa checkmated} 0-1

[Event "ICS rated blitz match"]
[Site "204.178.125.65"]
[Date "2000.09.29"]
[Round "?"]
[White "Zippy"]
[Black "Hossa"]
[Result "1-0"]
[WhiteElo "2348"]
[BlackElo "2467"]
[PlyCount "127"]
[EventDate "2000.??.??"]

1. d4 d5 2. c4 e6 3. Nc3 Nf6 4. Nf3 Bb4 5. Qb3 Nc6 6. a3 dxc4 7. Qxc4 Ba5 8. b4
Bb6 9. e3 O-O 10. Bd3 Ne7 11. O-O c6 12. Ne5 Bc7 13. f4 Nfd5 14. Bd2 Nf5 15.
Rf3 Bb6 16. Rh3 f6 17. Ng4 Rf7 18. Rc1 Bd7 19. Ne2 Qf8 20. Rf1 Re8 21. Kh1 Rd8
22. Qb3 Nc7 23. Qb2 Qd6 24. Nc3 Nd5 25. Na4 Ra8 26. Qa2 Re8 27. g3 Nc7 28. Be4
Nd5 29. Nxb6 Nxb6 30. Rc1 Qb8 31. Kg2 Ref8 32. Kg1 Rd8 33. Qb1 Nd5 34. Bd3 Re8
35. Rc5 Nb6 36. Qa1 Rd8 37. a4 Bc8 38. Qa2 Bd7 39. Qb3 Nd5 40. Qa3 b6 41. Rc1
Rff8 42. e4 Nxd4 43. exd5 Nf3+ 44. Kf2 f5 45. Nh6+ gxh6 46. Kxf3 exd5 47. Rxh6
Rde8 48. Bc3 Rf7 49. Rh5 Kf8 50. Kf2 Qd6 51. Be5 Qg6 52. Rg5 Qh6 53. h4 Bc8 54.
Qb2 Bd7 55. Re1 Rfe7 56. Bd6 Kf7 57. Bxe7 Be6 58. Bd6 Rd8 59. Rxe6 Qxe6 60.
Qg7+ Ke8 61. Qh8+ Kd7 62. Rg7+ Qf7 63. Rxf7+ Kxd6 64. Qe5# {Hossa checkmated}
1-0

[Event "ICS rated blitz match"]
[Site "204.178.125.65"]
[Date "2000.09.29"]
[Round "?"]
[White "Hossa"]
[Black "Varguz"]
[Result "0-1"]
[WhiteElo "2446"]
[BlackElo "2760"]
[PlyCount "90"]
[EventDate "2000.??.??"]

1. e4 d5 2. exd5 Qxd5 3. Nc3 Qa5 4. d4 Nf6 5. Nf3 c6 6. Ne5 Be6 7. Be2 Nbd7 8.
Nc4 Bxc4 9. Bxc4 e6 10. Bd2 Qc7 11. Qe2 Bd6 12. g3 O-O 13. O-O-O b5 14. Bd3 e5
15. dxe5 Bxe5 16. Ne4 Nxe4 17. Qxe4 g6 18. Rhe1 Rfe8 19. Qf3 Nc5 20. Kb1 Nxd3
21. Qxd3 Rad8 22. Qf3 c5 23. h4 Bg7 24. Rxe8+ Rxe8 25. Be3 a6 26. h5 c4 27.
hxg6 hxg6 28. Qh1 Bf6 29. Bf4 Qc5 30. Qf3 Qf5 31. Rh1 g5 32. Qh5 Bxb2 33. Be3
Bf6 34. Kc1 Qe5 35. Qh6 Qb2+ 36. Kd2 Rd8+ 37. Ke2 Qxc2+ 38. Kf3 g4+ 39. Kf4
Be5+ 40. Kxg4 Qe4+ 41. f4 Rd6 42. Qh7+ Qxh7 43. Rxh7 Kxh7 44. fxe5 Rd1 45. Kg5
c3 {Hossa resigns} 0-1